000 00877nam a2200241 4500
001 121576
003 ES-MaACL
005 20250824203745.0
007 t|
008 070214s1960 sp r ||||1| spa d
080 _a362.864(46)
100 1 _aPorras-Isla, Teresa.
_993152
245 1 0 _aResidencias femeninas
_b: estudio sociológico sobre las residencias femeninas de Madrid /
_cTeresa Porras-Isla, Elisa García Ruiz, Mª Dolores Barnuevo.
260 _aMadrid :
_bEl Perpetuo Socorro,
_c1960.
300 _a427 p. ;
_c23 cm.
490 1 _aDe libros de teología y práctica pastoral
650 4 _aResidencias femeninas-
_zEspaña.
_9142573
700 1 _aGarcía Ruiz, Elisa.
_955235
700 1 _aBarnuevo, Mª Dolores.
_925742
830 0 0 _aLibros de teología y práctica pastoral
_9183305
852 _aES-MaACL
_jC-24179
_bR.52146
999 _c121576
_d121576